000
00343nam a2200169Ia 4500
100
_a
Martin/Keith M
650
_a
Cryptography
942
_c
BK
366
_f
25
654
_a
cryptography
245
_a
Everyday cryptography
260
_b
Oxford
_c
2012
082
_b
MAR
300
_a
530
546
_a
ENGLISH
_c
Computers
999
_c
27880
_d
27880